| 000 | 00962nam a22002537a 4500 | ||
|---|---|---|---|
| 005 | 20240530110909.0 | ||
| 008 | 220214s2004 ua g 000 0 ara d | ||
| 017 |
_bمصر. دار الكتب _a2007/3217 |
||
| 040 |
_aEG-CaGPL _cEG-CaGPL |
||
| 082 | 0 | 4 |
_221 _a327.620538 / _bم ع |
| 100 | 0 | _aمحمد السعيد ادريس | |
| 245 | 1 | 0 |
_aالعلاقات المصرية الخليجية / _cمحمد السعيد ادريس |
| 250 | _aط. 1 | ||
| 260 |
_aالقاهرة : _bتمركز الدرسات السياسية والاستراتيجية بالاهرام، _c2004 |
||
| 300 |
_a115 ؛ _c24 سم |
||
| 650 | 0 | 7 |
_2qrmak _aالعلاقات المصرية الخليجية |
| 650 | 0 | 7 | _2qrmak |
| 651 | _2qrmak | ||
| 700 |
_aمحمد السعيد ادريس _eمحرر |
||
| 700 |
_aابراهيم نافع _eمشارك |
||
| 700 |
_aسعيد الحارثى _eمشارك |
||
| 942 |
_2ddc _cBK |
||
| 999 |
_c66281 _d66281 |
||